000 00425nam a2200169Ia 4500
005 20250507130111.0
008 008 250505s9999 xx 000 0 eng d
037 _aBound Volumes
040 _aEASL
_beng
_cEASL
041 _aeng
_2eng
084 _qEASL
245 0 _aInternational Studies
260 _aUSA
_b. Sage Publications
_c2003
490 _vV.47: 1-4
942 _cCR
999 _c1317754
_d1317754